Environmental Studies (Record no. 1367)

MARC details
000 -LEADER
fixed length control field 00537cam a2200205ua 4500
001 - CONTROL NUMBER
control field 1478
005 - DATE AND TIME OF LATEST TRANSACTION
control field 20260515113335.0
008 - FIXED-LENGTH DATA ELEMENTS--GENERAL INFORMATION
fixed length control field 110921n ii |||gr||||Z||||||eng
020 ## - INTERNATIONAL STANDARD BOOK NUMBER
International Standard Book Number 81-7371-540-8
040 ## - CATALOGING SOURCE
Transcribing agency MAIN
082 ## - DEWEY DECIMAL CLASSIFICATION NUMBER
Classification number 363.7
100 ## - MAIN ENTRY--PERSONAL NAME
Personal name Bharucha, Erach,
Relator term author.
245 1# - TITLE STATEMENT
Title Environmental Studies
Statement of responsibility, etc. by Erach Bharucha
250 ## - EDITION STATEMENT
Edition statement 1st.
260 ## - PUBLICATION, DISTRIBUTION, ETC.
Place of publication, distribution, etc. Hyderabad:
Name of publisher, distributor, etc. Universities Press pvt. ltd.,
Date of publication, distribution, etc. 2005.
300 ## - PHYSICAL DESCRIPTION
Extent 276p:
Other physical details ill;
Dimensions 23cm.
653 ## - INDEX TERM--UNCONTROLLED
Uncontrolled term Environmental science
653 ## - INDEX TERM--UNCONTROLLED
Uncontrolled term Enviromental Studies
942 ## - ADDED ENTRY ELEMENTS (KOHA)
Koha item type Books
Holdings
Withdrawn status Lost status Damaged status Not for loan Home library Current library Shelving location Date acquired Total checkouts Full call number Barcode Date last seen Copy number Price effective from Koha item type
        Naharkatiya College Library Naharkatiya College Library General stacks 09/19/2020   363.7 | BHA 15794 09/19/2020 1 09/19/2020 Books